00963nam a2200241Ia 450000500170000000800410001702000180005804100080007608200130008424502050009725000180030230000250032049000520034565000460039765000330044365000330047670000400050926400490054933600270059833700330062533800280065804000350068620220317001803.0170328s2016 m g 000 0 s  a9786071640444 aspa04a370bE5700aEnseñanza y aprendizaje en el siglo XXIbmetas, políticas educativas y currículo en seis paísesceditores Fernando M. Reimers, Connie K. Chung ; traducción Roberto Arriaga... [y otros siete] a1a. edición a325 páginasc21 cm aSección de obras de educación y pedagogía142LEMBaMétodos de enseñanzaySiglo XXI142LEMBaPedagogíaySiglo XXI142LEMBaEducaciónySiglo XXI1 aReimers, FernandoeArriaga, Roberto aMéxicobFondo de Cultura Económicac2016 atextobtxt2rdacontent asin mediaciónbn2rdamedia avolumenbnc2rdacarrier aCO-BoRNBPbspaerdacCO-BoRNBP